The frozen revolution : an essay on Jacobinism /

Bibliographic Details
Main Author: Fehér, Ferenc, 1933-1994
Format: Book
Language:English
Published: Cambridge [Cambridgeshire] ; New York : Paris : Cambridge University Press ; Editions de la Maison des Sciences de l'Homme, 1987.
Series:Studies in modern capitalism.
Subjects:

MARC

Tag First Indicator Second Indicator Subfields
LEADER 00000cam a2200000 a 4500
001 in00000018400
005 20151007053230.0
008 870422s1987 enk b 00110 eng
010 |a  87002976  
020 |a 052134283X 
035 |a (OCoLC)15659674 
035 |9 AAB0891AM 
040 |a DLC  |c DLC  |d TXA  |d UtOrBLW 
043 |a e-fr--- 
049 |a TXAM  |c [A11084917] 
050 0 0 |a DC178  |b .F44 1987 
082 0 |a 944.04  |2 19 
100 1 |a Fehér, Ferenc,  |d 1933-1994. 
245 1 4 |a The frozen revolution :  |b an essay on Jacobinism /  |c Ferenc Fehér. 
264 1 |a Cambridge [Cambridgeshire] ;  |a New York :  |b Cambridge University Press ;  |a Paris :  |b Editions de la Maison des Sciences de l'Homme,  |c 1987. 
300 |a viii, 178 pages ;  |c 24 cm. 
336 |a text  |b txt  |2 rdacontent 
337 |a unmediated  |b n  |2 rdamedia 
338 |a volume  |b nc  |2 rdacarrier 
490 1 |a Studies in modern capitalism =  |a Études sur le capitalisme moderne 
504 |a Bibliography: pages [155]-174. 
500 |a Includes index. 
651 0 |a France  |x History  |y Revolution, 1789-1799  |x Societies, etc. 
650 0 |a Jacobins  |z France  |x History. 
651 0 |a France  |x History  |y Revolution, 1789-1799  |x Influence. 
830 0 |a Studies in modern capitalism. 
999 |a MARS 
999 f f |s 3a9a74e4-e96e-372f-a5ac-012cff8dc48e  |i 849cfe92-dbde-3868-90fd-cbdc96159885  |t 0 
952 f f |p ric  |a Texas A&M University  |b Rellis Campus  |c Joint Library Facility  |d Remote Storage  |t 0  |e DC178 .F44 1987  |h Library of Congress classification  |i unmediated -- volume  |m A14811084917 
998 f f |a DC178 .F44 1987  |t 0  |l Remote Storage